Advanced Practical Organic Chemistry (Record no. 8857)

MARC details
000 -LEADER
fixed length control field 00379nam a22001577a 4500
003 - CONTROL NUMBER IDENTIFIER
control field OSt
008 - FIXED-LENGTH DATA ELEMENTS--GENERAL INFORMATION
fixed length control field 200713b ||||| |||| 00| 0 eng d
082 ## - DEWEY DECIMAL CLASSIFICATION NUMBER
Classification number 547 VIA
100 ## - MAIN ENTRY--PERSONAL NAME
Personal name VISHNOI ,N.K
245 ## - TITLE STATEMENT
Title Advanced Practical Organic Chemistry
250 ## - EDITION STATEMENT
Edition statement 2017
260 ## - PUBLICATION, DISTRIBUTION, ETC. (IMPRINT)
Place of publication, distribution, etc New Delhi
Name of publisher, distributor, etc Vikas Pub.
300 ## - PHYSICAL DESCRIPTION
Extent 536
650 ## - SUBJECT ADDED ENTRY--TOPICAL TERM
Topical term or geographic name as entry element Pharmaceutical Organic Chemisty
942 ## - ADDED ENTRY ELEMENTS (KOHA)
Source of classification or shelving scheme Dewey Decimal Classification
Koha item type Text Books
Holdings
Withdrawn status Lost status Source of classification or shelving scheme Damaged status Not for loan Collection code Home library Current library Date acquired Source of acquisition Currency Cost, normal purchase price Bill Number Total Checkouts Full call number Acc. no. / Barcode Date last seen Actual Cost, discounted price Bill Date Koha item type
    Dewey Decimal Classification     B.Pharma PIET C-LIBRARY PIET C-LIBRARY 11/02/2020 Kirti Prakashan Rupees 525.00 IN6378   547 VIA BP1274 13/07/2020 351.75 11/02/2020 Text Books
    Dewey Decimal Classification     B.Pharma PIET C-LIBRARY PIET C-LIBRARY 11/02/2020 Kirti Prakashan Rupees 525.00 IN6378   547 VIA BP1275 13/07/2020 351.75 11/02/2020 Reference Books
    Dewey Decimal Classification     B.Pharma PIET C-LIBRARY PIET C-LIBRARY 11/02/2020 Kirti Prakashan Rupees 525.00 IN6378   547 VIA BP1276 13/07/2020 351.75 11/02/2020 Text Books
    Dewey Decimal Classification     B.Pharma PIET C-LIBRARY PIET C-LIBRARY 01/11/2022 Kirti Prakashan Indian Rup 525.00 IN3266   547 VIA BP1665 15/01/2022 351.75 11/01/2022 Text Books
    Dewey Decimal Classification     B.Pharma PIET C-LIBRARY PIET C-LIBRARY 01/11/2022 Kirti Prakashan Indian Rup 525.00 IN3266   547 VIA BP1666 15/01/2022 351.75 11/01/2022 Text Books
    Dewey Decimal Classification     B.Pharma PIET C-LIBRARY PIET C-LIBRARY 01/11/2022 Kirti Prakashan Indian Rup 525.00 IN3266   547 VIA BP1667 15/01/2022 351.75 11/01/2022 Text Books
    Dewey Decimal Classification     B.Pharma PIET C-LIBRARY PIET C-LIBRARY 01/11/2022 Kirti Prakashan Indian Rup 525.00 IN3266   547 VIA BP1668 15/01/2022 351.75 11/01/2022 Text Books
    Dewey Decimal Classification     B.Pharma PIET C-LIBRARY PIET C-LIBRARY 01/11/2022 Kirti Prakashan Indian Rup 525.00 IN3266   547 VIA BP1669 15/01/2022 351.75 11/01/2022 Text Books

Design & Developed by: PIET Central Library
R70 Miles Stone Pattikalyana Samalkha Panipat 132102
mail ID :- [email protected], Phone No:- 0180-2569700 Ex.216